Dictators - Sudden Death - Statistics

General Stats
  • This quiz has been taken 123 times
  • The average score is 9 of 15
Answers on the Grid
Answers color-coded by a green-red scale on the quiz's grid according to % correct below.
Mao Zedong
Corazon Aquino
Ferdinand Marcos Sr.
George H. W. Bush
Hugo Chavez
Mahatma Gandhi
Xi Jinping
Lai Ching-te
Kim Jong Il
Emmanuel Macron
Joseph Stalin
Claudia Sheinbaum
Pol Pot
Ferdinand Marcos Jr.
Benito Mussolini
Sergio Mattarella
Ho Chi Minh
Mark Carney
Francisco Franco
Ram Chandra Paudel
Adolf Hitler
Lee Jae-myung
Muammar Gaddafi
Frank-Walter Steinmeier
Nicole Ceausescu
Zayed Al Nahyan
Idi Amin
Hun Manet
Maurice Bishop
Bernardo Arevalo
 
Answer Stats
Answer % Correct
Kim Jong Il
82%
Joseph Stalin
81%
Mao Zedong
81%
Adolf Hitler
78%
Benito Mussolini
78%
Pol Pot
77%
Muammar Gaddafi
72%
Ho Chi Minh
71%
Idi Amin
68%
Francisco Franco
65%
Xi Jinping
55%
Hugo Chavez
49%
Nicole Ceausescu
49%
Ferdinand Marcos Sr.
31%
Maurice Bishop
3%
No matching quizzes found
Score Distribution
Percent of People with Each Score
Percentile by Number Answered
Your Score History
You have not taken this quiz